00846nam a2200253 i 4500003000900000005001700009006001900026007000300045008004100048040003000089041000800119082001400127245004500141264004300186300002300229336002700252337003300279338002800312500003100340590002200371942001300393952016900406999001700575DO-SdBNP20240119084455.0a||||gr|||| 00| 0 ta240119b190? |||||||| |||| 00| 0 eng d aDO-SdBNPbspacBNPHUerda heng 4222bA416s13aTo all steamship lines /cP. A. Esperdt aNew York, N. Y.b[Sin editora]c[190?] a[3] hojas ;c31 cm 2rdacontentatextobtxt 2rdamediaasin mediaciónbn 2rdacarrieravolumenbnc aLista de antitrujillistas. aInventariado 2024 2ddccLF2 00102ddc51708DS-FRVaBNPHUbBNPHUcCTd2024-01-19ePerteneció a la bibliioteca de Carlos Larrazábal Blancol0oA416sp2024-0328r2024-01-19w2024-01-19yLF2 c55733d55733